000 00803nam a22002177a 4500
005 20251108165535.0
008 250721s1999 xx 000 0 ara d
082 1 4 _aم/301.45156/مؤت
245 1 0 _aالأقليات المسلمة في العالم :
_bظروفها المعاصرة ...: أوراق العمل... /
264 1 _aالرياض :
_bدار الندوة،
_c1999.
300 _a3مج
650 1 7 _aالأقليات الدينية
650 1 7 _aالإسلام
650 1 7 _aالدعوة الإسلامية
650 1 7 _aالمسلمون
650 1 7 _aالعالم
650 1 7 _aالمؤتمرات الإسلامية
710 2 _aمؤتمر الندوة العالمية للشباب الإسلامي (السادس : الرياض : 1985)
942 _2ddc
_cREF
999 _c30339
_d30339